000
00409nam a2200145Ia 4500
008
100204s9999 xx 000 0 und d
082
_b
9547
100
_a
शिरवळकर सुहास
245
_a
सफाई
260
_b
"रावजी प्रकाशन , डोंबिवली"
_c
1987
300
_a
172
630
_a
सफाई
730
_a
सफाई
942
_c
BOOK
999
_c
453983
_d
453980